Normal view
MARC view
- Supervisor Dr. Shoab Ahmed Khan Co-Supervisor Dr. Muhammad Umar Farooq
Entry Corporate Name
001 - CONTROL NUMBER
- control field: 101751
003 - CONTROL NUMBER IDENTIFIER
- control field: NUST
005 - DATE AND TIME OF LATEST TRANSACTION
- control field: 20221031094844.0
008 - FIXED-LENGTH DATA ELEMENTS
- fixed length control field: 221031|| aca||aabn | a|a d
040 ## - CATALOGING SOURCE
- Original cataloging agency: NUST
- Transcribing agency: NUST
110 ## - HEADING--CORPORATE NAME
- Corporate name or jurisdiction name as entry element: Supervisor Dr. Shoab Ahmed Khan Co-Supervisor Dr. Muhammad Umar Farooq
670 ## - SOURCE DATA FOUND
- Source citation: Work cat.: (NUST): Nida Rasheed 72709, TH-SOF-2079-A Decision Support Framework for National Crop Production Planning Based on Mosaicing, Historical Data and Satellite Imagery, 2022.
